Emergency medicine, quick glance
This resource is a must for residents, students, physician assistants, and nurses working in the emergency department. With its carry-anywhere book/PDA format, Emergency Medicine Quick Glance puts the field's latest perspectives where you need them most: at the point of care. Concise yet compre...
Spremljeno u:
| Format: | Knjiga |
|---|---|
| Jezik: | Undetermined |
| Izdano: |
New York
McGraw-Hill
2006
|
| Teme: | |
| Oznake: |
Dodaj oznaku
Bez oznaka, Budi prvi tko označuje ovaj zapis!
|
| Thư viện lưu trữ: | Trung tâm Học liệu Trường Đại học Cần Thơ |
|---|
| LEADER | 01008nam a2200193Ia 4500 | ||
|---|---|---|---|
| 001 | CTU_138334 | ||
| 008 | 210402s9999 xx 000 0 und d | ||
| 020 | |c 44.95 | ||
| 082 | |a 616.025 | ||
| 082 | |b E53 | ||
| 245 | 0 | |a Emergency medicine, quick glance | |
| 245 | 0 | |c Edited by Christopher R. H. Newton, Rahul Khare | |
| 260 | |a New York | ||
| 260 | |b McGraw-Hill | ||
| 260 | |c 2006 | ||
| 520 | |a This resource is a must for residents, students, physician assistants, and nurses working in the emergency department. With its carry-anywhere book/PDA format, Emergency Medicine Quick Glance puts the field's latest perspectives where you need them most: at the point of care. Concise yet comprehensive, this handy, at-a-glance resource is ideal for use in daily clinical practice or for a quick review. | ||
| 650 | |a Thuốc,Emergency medicine,Emergency Treatment,Emergencies,Emergency Medicine | ||
| 904 | |i Nguyễn Thị Kiều Đượm | ||
| 980 | |a Trung tâm Học liệu Trường Đại học Cần Thơ | ||